Deutsche Bundesländer (35 Sekunden Sprint) - Statistiken

Allgemein
  • Dieses Quiz wurde 170 mal gespielt
  • Das Durchschnittsergebnis liegt bei 10 aus 16
Antwortstatistiken
Bundesland % Korrekt
Bayern
86%
Berlin
83%
Sachsen
78%
Bremen
76%
Hamburg
76%
Baden-Württemberg
70%
Niedersachsen
67%
Sachsen-Anhalt
63%
Saarland
61%
Schleswig-Holstein
57%
Hessen
56%
Brandenburg
54%
Nordrhein-Westphalen
51%
Rheinland-Pfalz
50%
Thüringen
46%
Mecklenburg-Vorpommern
44%
Keine übereinstimmenden Quizze gefunden
Verteilung der Resultate
Anzahl Personen mit jedem Resultat
Perzentil nach korrekt beantworteten Fragen
Ihre Resultats-Entwicklung
Sie haben dieses Quiz noch nicht gespielt